Normal view
MARC view
- Rosa, Albert J.
Entry Personal Name
001 - CONTROL NUMBER
- control field: 104393
003 - CONTROL NUMBER IDENTIFIER
- control field: NUST
005 - DATE AND TIME OF LATEST TRANSACTION
- control field: 20221207183646.0
008 - FIXED-LENGTH DATA ELEMENTS
- fixed length control field: 221207|| aca||aabn | a|a d
040 ## - CATALOGING SOURCE
- Original cataloging agency: NUST
- Transcribing agency: NUST
100 ## - HEADING--PERSONAL NAME
- Personal name: Rosa, Albert J.
670 ## - SOURCE DATA FOUND
- Source citation: Work cat.: (NUST)215067: Thomas, Roland E.. 96973, The analysis and design of linear circuits /, 2004.
